000
00325nam a2200133Ia 4500
008
150731s2015 xx 000 0 und d
082
_a
611
_b
G 15 D
100
_a
DRAKE, RICHARD L.
245
_a
GRAY'S ANATOMY FOR STUDENTS
250
_a
3 RD
260
_b
ELSEVIER- INDIA DELHI
_c
2015
300
_a
1161
942
_2
ddc
_c
BK
_0
1
999
_c
7982
_d
7982